<?xml version="1.0" encoding="UTF-8"?>
<collection xmlns="http://www.loc.gov/MARC21/slim">
 <record>
  <leader>00684pamaa2200205   4500</leader>
  <controlfield tag="001">0000041793</controlfield>
  <controlfield tag="005">20110224090000.0</controlfield>
  <controlfield tag="008">070412                             eng  </controlfield>
  <datafield tag="020" ind1="0" ind2="0">
   <subfield code="a">0072827416 (pbk.) </subfield>
  </datafield>
  <datafield tag="090" ind1="0" ind2="0">
   <subfield code="a">QP34.5 </subfield>
   <subfield code="b">WID 2006</subfield>
  </datafield>
  <datafield tag="100" ind1="1" ind2="0">
   <subfield code="a">Widmaier </subfield>
  </datafield>
  <datafield tag="245" ind1="1" ind2="0">
   <subfield code="a">Vander's human physiology : </subfield>
   <subfield code="b">the mechanisms of body function  </subfield>
   <subfield code="c">Eric P. Widmaier, Hershel Raff and Kevin T. Strang.</subfield>
  </datafield>
  <datafield tag="250" ind1="0" ind2="0">
   <subfield code="a">10 ed.</subfield>
  </datafield>
  <datafield tag="260" ind1="0" ind2="0">
   <subfield code="a">Boston: </subfield>
   <subfield code="b">McGraw-Hill, </subfield>
   <subfield code="c">2006.</subfield>
  </datafield>
  <datafield tag="300" ind1=" " ind2=" ">
   <subfield code="a">xxxi, 827 p.: </subfield>
   <subfield code="b">col. ill.; </subfield>
   <subfield code="c">29 cm.</subfield>
  </datafield>
  <datafield tag="504" ind1="0" ind2="0">
   <subfield code="a">Includes bibliographical references (p. 799) and index</subfield>
  </datafield>
  <datafield tag="650" ind1="0" ind2="0">
   <subfield code="a">Human physiology </subfield>
  </datafield>
  <datafield tag="700" ind1="1" ind2="1">
   <subfield code="a">Raff, </subfield>
   <subfield code="h">Hershel </subfield>
  </datafield>
  <datafield tag="700" ind1="1" ind2="1">
   <subfield code="a">Strang, </subfield>
   <subfield code="h">Kevin T. </subfield>
  </datafield>
  <datafield tag="901" ind1=" " ind2=" ">
   <subfield code="u">www.mhhe.com</subfield>
  </datafield>
 </record>
</collection>
